| 000 | 00579cam a2200217ua 4500 | ||
|---|---|---|---|
| 001 | 6630 | ||
| 005 | 20260515114058.0 | ||
| 008 | 140307n ii |||gr||||Z||||||eng | ||
| 040 | _cMAIN | ||
| 082 | _a657 | ||
| 245 |
_aAccountancy problems _cBy A. Mukherjee |
||
| 250 |
_a2nd rev. & enlarged ed. / _bPart I. |
||
| 260 |
_aCalcutta: _bThe new book stall, _c1988. |
||
| 300 | _ax,701p. | ||
| 653 | _aAccounting | ||
| 653 | _aAccountancy problems | ||
| 700 |
_aMukherjee,A., _eAuthor., |
||
| 700 |
_aTiwary,H.D., _eAuthor. |
||
| 700 |
_aChakrabarti,A.K., _eAuthor. |
||
| 942 | _cBK | ||
| 999 |
_c5774 _d5774 |
||